Medicare and Medicaid : meeting needs of dual eligibles raises difficult cost and care issues : statement of William J. Scanlon, Director, Health Financing and Systems Issues, Health, Education, and Human Services Division, before the Special Committee on Aging, U.S. Senate /

Bibliographic Details
Main Author: Scanlon, William
Corporate Authors: United States. General Accounting Office, United States. Congress. Senate. Special Committee on Aging
Format: Government Document Microform Book
Language:English
Published: Washington, D.C. : The Office, [1997]
Series:Testimony ; GAO/T-HEHS-97-119.
Subjects:
Online Access:Adobe Acrobat Reader required

MARC

Tag First Indicator Second Indicator Subfields
LEADER 00000cam a2200000 a 4500
001 in00000002636
007 he bmb024bbca
008 981110s1997 dcu bb f000 0 eng c
005 20230309222522.3
035 |a (OCoLC)ocm40279086 
035 |9 AJD5197AM 
035 |a in00000002636 
037 |a 158567  |b GAO (202) 512-6000 (Voice); (301) 258-4066 (Fax)  |f paper copy 
040 |a GPO  |c GPO  |d DLC  |d MvI  |d UtOrBLW 
042 |a pcc 
043 |a n-us--- 
049 |a UMIC 
049 |a WWW 
074 |a 0546-D-01 (MF) 
074 |a 0546-D-01 (online) 
086 0 |a GA 1.5/2:T-HEHS-97-119 
100 1 |a Scanlon, William. 
245 1 0 |a Medicare and Medicaid :  |b meeting needs of dual eligibles raises difficult cost and care issues : statement of William J. Scanlon, Director, Health Financing and Systems Issues, Health, Education, and Human Services Division, before the Special Committee on Aging, U.S. Senate /  |c United States General Accounting Office. 
246 3 0 |a Meeting needs of dual eligibles raises difficult cost and care issues 
264 1 |a Washington, D.C. :  |b The Office,  |c [1997] 
300 |a 12 pages ;  |c 28 cm. 
336 |a text  |b txt  |2 rdacontent 
337 |a microform  |b h  |2 rdamedia 
338 |a microfiche  |b he  |2 rdacarrier 
490 1 |a Testimony ;  |v GAO/T-HEHS-97-119 
500 |a Shipping list number: 98-0406-M. 
500 |a "April 29, 1997." 
500 |a Cover title. 
500 |a Shipping list number: 98-0406-P. 
504 |a Includes bibliographical references. 
533 |a Microfiche.  |b [Washington, D.C.] :  |c U.S. General Accounting Office,  |d [1997?]  |e 1 microfiche : negative. 
530 |a Also available via Internet from the GPO Access web site. Address as of 7/23/2001: http://frwebgate.access.gpo.gov/cgi-bin/getdoc.cgi?dbname=gao&docid=f:he97119t.pdf; current access is available via PURL. 
500 |a Microform. 
650 0 |a Medicare. 
650 0 |a Medicaid. 
650 0 |a Poor  |x Medical care  |z United States  |x Finance. 
650 0 |a Health services accessibility  |z United States. 
650 0 |a Medical care  |z United States  |x Cost control. 
710 1 |a United States.  |b General Accounting Office. 
710 1 |a United States.  |b Congress.  |b Senate.  |b Special Committee on Aging. 
830 0 |a Testimony ;  |v GAO/T-HEHS-97-119. 
856 4 1 |u https://purl.fdlp.gov/GPO/LPS13584  |z Adobe Acrobat Reader required  |t 0 
999 |a MARS 
999 f f |i f24f0c38-64c8-3444-b4d7-2f72c75619e8  |s a7922cb7-210e-3253-b0f9-0a5ef3db1d72  |t 0 
952 f f |p normal  |a Texas A&M University  |b College Station  |c Sterling C. Evans Library  |d Evans: US Documents Microfiche (3rd floor)  |t 0  |e GA 1.5/2:T-HEHS-97-119  |h Superintendent of Documents classification  |i microform -- microfiche  |m A14838370363 
952 f f |a Texas A&M University  |b College Station  |c Electronic Resources  |d Available Online  |t 0  |e GA 1.5/2:T-HEHS-97-119  |h Superintendent of Documents classification 
998 f f |a GA 1.5/2:T-HEHS-97-119  |t 0  |l Evans: US Documents Microfiche (3rd floor) 
998 f f |a GA 1.5/2:T-HEHS-97-119  |t 0  |l Available Online